=LDR 00000nam 2200000 4500 =001 NUTBA000000000000156 =005 20140317162654.0 =006 =007 =008 =020 ##$$a 978-602-00-1303-9 =035 ##$$a 0010-031400000000155 =082 ##$$a 808.02 =090 ##$$b 808.02 and m =100 ##$$a Andi Andrianto =245 ##$$a Menaklukan Media =260 ##$$a Jakarta $b Gramedia $c 2011 =300 ##$$a vi,181 hlm $c 21 cm. =850 ##$$a NBPNMAT